00531nam a2200145Ia 4500001001000000003000500010008004100015010001100056040000900067082002100076100002600097245007900123500013100202650005200333Para_2581CHAP220125s1919 xx 000 0 und d a204608 cCHAP aPA-C 595.752 B44 aBaker, Arthur Challen aThe identity of smynthurodes betae westwood (hom.) /c by Arthur C. Baker aSobretiro de: Procedings entomological soc. of Washington 21 (2): 36-38.. Encuadernado con: Rosy apple aphis /by A. C. Baker aAfididos x Colecciones de escritos Smynthurus